Score 0/20 Timer 02:00
12 Plays Today
Clue 4-letter word % Correct
🎶 ____ Love 🎶
OR Counterfeit; bogus
FAKE
89.8%
🎶 No ____ Dream 🎶
OR To a greater extent
MORE
88.6%
🎶 I ____ U 🎶
OR Strong desire
NEED
86.4%
🎶 ____ Me 🎶
OR Set aside; rescue
SAVE
86.3%
🎶 ____ of Me 🎶
OR Cream of the crop
BEST
77.4%
Severe dislikeHATE
67.8%
Hourglass fillerSAND
54.3%
Email commandSEND
51.9%
To possess or ownHAVE
50.5%
Plant beginningSEED
48.6%
Clue 4-letter word % Correct
Inevitable outcomeFATE
45.6%
Social misfit; dorkNERD
45.2%
Turn to a liquidMELT
44.2%
Group of cattleHERD
43.7%
Not thereHERE
40.7%
Sound-mindedSANE
37.2%
Alternative to suspendersBELT
35.3%
Burrowing animalMOLE
33%
Nothing more thanMERE
28.7%
Shed, as in feathers or skinMOLT
28.3%

Today's Daily Dose

Remove Ads.
Support Sporcle.
Get the best of Sporcle when you Go Orange. This ad-free experience offers more features, more stats, and more fun while also helping to support Sporcle. Thank you for becoming a member.

You're not logged in!

Compare scores with friends on all Sporcle quizzes.
OR
Log In

Show Comments

Extras

Top Quizzes Today


Score Distribution

Your Account Isn't Verified!

In order to create a playlist on Sporcle, you need to verify the email address you used during registration. Go to your Sporcle Settings to finish the process.

Report this User

Report this user for behavior that violates our Community Guidelines.

Details: